British - American Pronunciation Dictionary (Record no. 27817)

MARC details
000 -LEADER
fixed length control field 00359nam a2200145Ia 4500
020 ## - INTERNATIONAL STANDARD BOOK NUMBER
ISBN 964-6054-48-X
100 ## - STATEMENT OF RESPONSIBILITY--MAIN AUTHOR NAME
Personal name Keshavarz, M. Hossein
245 #0 - TITLE STATEMENT
Title British - American Pronunciation Dictionary
260 ## - PUBLICATION, DISTRIBUTION, ETC. (IMPRINT)
Place of publication Tehran
300 ## - PHYSICAL DESCRIPTION
Number of Pages 85 p
650 ## - SUBJECT ADDED ENTRY--TOPICAL TERM
Topical Term Pronunciation
942 ## - ADDED ENTRY ELEMENTS (KOHA)
Koha item type Books
Holdings
Withdrawn status Lost status Source of classification or shelving scheme Damaged status Not for loan Permanent Location Current Location Date acquired Accession Number Price effective from Koha item type
    Library of Congress Classification     NILE UNIVERSITY OF NIGERIA - MAIN LIBRARY NILE UNIVERSITY OF NIGERIA - MAIN LIBRARY 04/23/2025 0000267 04/23/2025 Books